Migrant worker : a boy from the Rio Grande Valley /

Describes the way of life of Mexican American families and their children who work as migrant agricultural laborers in Texas.

Bibliographic Details
Main Author: Hoyt-Goldsmith, Diane
Other Authors: Migdale, Lawrence (Illustrator)
Format: Book
Language:English
Published: New York : Holiday House, 1996.
Subjects:

MARC

Tag First Indicator Second Indicator Subfields
LEADER 00000cam a2200000 a 4500
001 in00001409933
005 20151020070424.0
008 950725s1996 nyua j 001 0 eng
010 |a  95036779  
020 |a 0823412253 (hardcover : alk. paper) 
035 |a (OCoLC)32969258 
035 |9 AHP8870AM 
040 |a DLC  |c DLC  |d UtOrBLW 
043 |a n-us-tx 
049 |a TXAG 
050 0 0 |a HD1527.T4  |b H69 1996 
082 0 0 |a 331.5/44/097644  |2 20 
100 1 |a Hoyt-Goldsmith, Diane. 
245 1 0 |a Migrant worker :  |b a boy from the Rio Grande Valley /  |c by Diane Hoyt-Goldsmith ; photographs by Lawrence Migdale. 
264 1 |a New York :  |b Holiday House,  |c 1996. 
300 |a 32 pages :  |b color illustrations ;  |c 24 x 26 cm. 
336 |a text  |b txt  |2 rdacontent 
337 |a unmediated  |b n  |2 rdamedia 
338 |a volume  |b nc  |2 rdacarrier 
500 |a Includes index. 
520 |a Describes the way of life of Mexican American families and their children who work as migrant agricultural laborers in Texas. 
650 0 |a Mexican American migrant agricultural laborers  |z Texas  |z Lower Rio Grande Valley  |x Juvenile literature. 
650 0 |a Child migrant agricultural laborers  |z Texas  |z Lower Rio Grande Valley  |x Juvenile literature. 
650 0 |a Mexican American families  |z Texas  |z Lower Rio Grande Valley  |x Juvenile literature. 
650 0 |a Mexican American children  |x Employment  |z Texas  |z Lower Rio Grande Valley  |x Juvenile literature. 
650 1 |a Mexican Americans  |z Texas. 
650 1 |a Migrant labor. 
650 1 |a Agricultural laborers. 
700 1 |a Migdale, Lawrence,  |e illustrator. 
948 |a c:en 
999 |a MARS 
999 f f |s ce18b1e8-5de5-3d7a-96cf-b8c0fe6a6f67  |i 9d56b324-bd87-3873-ac20-64b8fc48f478  |t 0 
952 f f |p ric  |a Texas A&M University  |b Rellis Campus  |c Joint Library Facility  |d Remote Storage  |t 0  |e HD1527.T4 H69 1996  |h Library of Congress classification  |i unmediated -- volume  |m A14822370177 
998 f f |a HD1527.T4 H69 1996  |t 0  |l Remote Storage